000 00971nam a2200313 a 4500
001 000110300
003 CHAP
005 20220329144126.0
008 140812s2012 mx a |r| |||||||spa d
010 _a106762
011 _a107734
020 _a9786074510577
040 _cCHAP
082 0 4 _a378.19580972
_bG18
100 1 _aGarnica Sosa, Ma. Angélica
_946921
245 1 3 _aLa seguridad en instituciones de educación superior :
_bestado actual y recomendaciones /
_cpor María Angélica Garnica Sosa.
260 _aMéxico, D.F. :
_bANUIES,
_c2012.
300 _a173 p. :
_bil.
490 1 _aColección documentos
590 _aE6096MTM
_b05
_c20140812
_lUCH01
_h1448
590 _aE6096MTM
_b05
_c20140813
_lUCH01
_h1113
650 1 4 _aEducacion superior
_zMéxico.
_935406
650 1 4 _aMedidas de seguridad.
_973925
650 1 4 _aUniversidades
_xMéxico.
_9116657
830 0 _aColección documentos
_924828
901 _aBK
942 _cLIBRO
942 _n0
999 _c106762
_d106762